[Event "Deutsche Ländermeisterschaft 2013"]
[Site "Hannover GER"]
[Date "2013.10.04"]
[Round "4"]
[White "Siegert, Gregor"]
[Black "Müller, Max"]
[Result "1-0"]
[Termination "normal"]
[Board "9.3"]
[WhiteTitle "16"]
[BlackTitle "16"]
[WhiteElo "1826"]
[BlackElo "1747"]
[WhiteTeam "Mecklenburg-Vorpommern"]
[BlackTeam "Saarland"]
[WhiteFideId "1271250"]
[BlackFideId "12900486"]
[EventCountry "GER"]
[EventRounds "7"]
[EventType "team-swiss"]
[EventDate "2013.10.02"]

1. Nf3 c5 2. e4 d6 3. d4 cxd4 4. Nxd4 Nf6 5. Nc3 a6 6. Bg5 e6 7. f4 b5 8. Qf3
Bb7 9. Bd3 Nbd7 10. O-O-O Qc7 11. g4 Nc5 12. Bxf6 gxf6 13. Rhe1 O-O-O 14. Kb1
b4 15. Nce2 d5 16. e5 fxe5 17. fxe5 Bg7 18. c3 bxc3 19. Rc1 Nxd3 20. Qxd3 Kb8
21. Rxc3 Qxe5 22. Rb3 Qd6 23. Rf1 Rd7 24. Rc1 Rc7 25. Rxc7 Qxc7 26. Qxa6 Rc8
27. a4 Qd7 28. Qb6 Bf8 29. Rb5 Qc7 30. Qa6 Bg7 31. Ka1 Bxd4 32. Nxd4 e5 33. Nb3
Qc6 34. Rb6 Qd7 35. Rb5 Qc6 36. Qa5 Qc7 37. Qb4 Ka7 38. Nc5 Ka8 39. Ra5+ Kb8
40. Na6+ 1-0

[Event "Deutsche Ländermeisterschaft 2013"]
[Site "Hannover GER"]
[Date "2013.10.04"]
[Round "4"]
[White "Sonnhalter, Stella"]
[Black "Schmekel, Florian"]
[Result "1-0"]
[Termination "normal"]
[Board "9.4"]
[WhiteTitle "20w"]
[BlackTitle "14"]
[WhiteElo "1806"]
[BlackElo "1714"]
[WhiteTeam "Saarland"]
[BlackTeam "Mecklenburg-Vorpommern"]
[WhiteFideId "4624815"]
[BlackFideId "12913456"]
[EventCountry "GER"]
[EventRounds "7"]
[EventType "team-swiss"]
[EventDate "2013.10.02"]

1. e4 c5 2. Nf3 Nc6 3. d4 cxd4 4. Nxd4 g6 5. c4 Nf6 6. Nc3 d6 7. Be2 Nxd4 8.
Qxd4 Bg7 9. Qd1 O-O 10. Be3 Be6 11. Rc1 Qa5 12. O-O Rfc8 13. b3 Nd7 14. Bd4
Bxd4 15. Qxd4 Ne5 16. Kh1 Nc6 17. Qd2 Kg7 18. f4 f6 19. Qe3 Qc5 20. Qg3 f5 21.
Rcd1 fxe4 22. Nxe4 Qf5 23. Ng5 Rf8 24. Rde1 Bd7 25. h3 Qf6 26. Bg4 Bxg4 27.
Qxg4 Nd4 28. Qd7 Kh8 29. Rxe7 Rad8 30. Qxb7 Nf5 31. Rxh7+ Kg8 32. Qd5+ 1-0

[Event "Deutsche Ländermeisterschaft 2013"]
[Site "Hannover GER"]
[Date "2013.10.04"]
[Round "4"]
[White "Schumann, Rabea"]
[Black "Müller, Sophie"]
[Result "1-0"]
[Termination "normal"]
[Board "9.5"]
[WhiteTitle "14w"]
[BlackTitle "14w"]
[WhiteElo "1562"]
[BlackElo "1444"]
[WhiteTeam "Mecklenburg-Vorpommern"]
[BlackTeam "Saarland"]
[WhiteFideId "12918199"]
[BlackFideId "12926698"]
[EventCountry "GER"]
[EventRounds "7"]
[EventType "team-swiss"]
[EventDate "2013.10.02"]

1. c4 c5 2. g3 g6 3. Bg2 Bg7 4. Nc3 Nc6 5. e4 d6 6. Nge2 e5 7. O-O Nge7 8. d3
O-O 9. a3 f5 10. f4 a6 11. Rb1 Rb8 12. Kh1 Kh8 13. b4 cxb4 14. axb4 b5 15. cxb5
axb5 16. Qb3 Qb6 17. Nd5 Nxd5 18. Qxd5 Ne7 19. Qa2 Qa6 20. Qxa6 Bxa6 21. Bd2
Bb7 22. Rfc1 Rfc8 23. exf5 Bxg2+ 24. Kxg2 Nxf5 25. Rxc8+ Rxc8 26. Rc1 Rxc1 27.
Bxc1 exf4 28. Bxf4 d5 29. g4 Ne7 30. Kf3 Nc6 31. Bd6 Nd4+ 32. Nxd4 Bxd4 33. Kf4
Kg8 34. Be5 1-0

[Event "Deutsche Ländermeisterschaft 2013"]
[Site "Hannover GER"]
[Date "2013.10.04"]
[Round "4"]
[White "Bureik, Nicolas"]
[Black "Schamber, Dennis"]
[Result "1/2-1/2"]
[Termination "normal"]
[Board "9.6"]
[WhiteTitle "12"]
[BlackTitle "12"]
[WhiteElo "1299"]
[BlackElo "1544"]
[WhiteTeam "Saarland"]
[BlackTeam "Mecklenburg-Vorpommern"]
[WhiteFideId "12971863"]
[BlackFideId "12952176"]
[EventCountry "GER"]
[EventRounds "7"]
[EventType "team-swiss"]
[EventDate "2013.10.02"]

1. d4 d5 2. Nf3 Nf6 3. g3 e6 4. Bg2 b5 5. O-O Be7 6. Be3 O-O 7. Nbd2 a5 8. a4
b4 9. Ne5 Nfd7 10. Ndf3 Ba6 11. b3 Bf6 12. Nd3 Be7 13. Nfe5 Nxe5 14. Nxe5 Bf6
15. Nd3 Nd7 16. Bf4 Bxd4 17. Rc1 Bc3 18. Bd2 Bxd2 19. Qxd2 Rc8 20. Nb2 c5 21.
c4 bxc3 22. Rxc3 Nb6 23. Rd1 c4 24. bxc4 Nxc4 25. Qc2 Nxb2 26. Rxc8 Qxc8 27.
Qxb2 Qb8 28. Rb1 Qc7 29. e3 Bc4 30. Qb7 Qxb7 31. Rxb7 Ra8 32. Bf1 Bxf1 33. Kxf1
g5 34. Rb5 h6 35. Ke2 Kg7 36. Kf3 Kf6 37. h3 h5 38. Rc5 Ra7 39. Rb5 Ra6 40. Rc5
Ra8 41. Rb5 Kg6 42. e4 d4 43. Ke2 f6 44. e5 fxe5 45. Rxe5 Kf6 46. Rb5 e5 47. g4
hxg4 48. hxg4 e4 49. Rf5+ Ke6 50. Rxg5 d3+ 51. Kd2 Rf8 52. Ke1 Rb8 53. Rxa5
Rb1+ 54. Kd2 Rb2+ 1/2-1/2

[Event "Deutsche Ländermeisterschaft 2013"]
[Site "Hannover GER"]
[Date "2013.10.04"]
[Round "4"]
[White "Wagner, Swenja"]
[Black "Recktenwald, Cedric"]
[Result "0-1"]
[Termination "normal"]
[Board "9.7"]
[WhiteTitle "16w"]
[BlackTitle "12"]
[WhiteElo "1376"]
[BlackElo "1258"]
[WhiteTeam "Mecklenburg-Vorpommern"]
[BlackTeam "Saarland"]
[WhiteFideId "12900494"]
[BlackFideId "12971928"]
[EventCountry "GER"]
[EventRounds "7"]
[EventType "team-swiss"]
[EventDate "2013.10.02"]

1. e4 e5 2. Nc3 Nc6 3. Bc4 Nf6 4. d3 Na5 5. Bb3 Nxb3 6. axb3 d5 7. exd5 Bb4 8.
Bd2 Bxc3 9. Bxc3 Qxd5 10. Nf3 Bg4 11. Ra5 c5 12. O-O Bxf3 13. Qxf3 b6 14. Ra2
Qxf3 15. gxf3 Nd7 16. Rfa1 a5 17. b4 cxb4 18. Bxb4 f6 19. Bc3 O-O 20. b4 Rac8
21. Bd2 axb4 22. Bxb4 Rfe8 23. c3 Nc5 24. Rd1 Red8 25. d4 exd4 26. Rxd4 Rxd4
27. cxd4 Nd3 28. Bd2 Rd8 29. Be3 Nb4 30. Rb2 Nd5 31. Kf1 Kf7 32. Ke2 Ke6 33.
Kd3 Rc8 34. Rb3 g5 35. h3 h6 36. Bd2 Ra8 37. Ke2 Ra2 38. Kd3 Ra1 39. Ke2 Rh1
40. f4 gxf4 41. Rf3 Kf5 42. Kd3 b5 43. Ba5 Ra1 44. Bc3 Nxc3 45. Kxc3 Ra3+ 46.
Kd2 Rxf3 47. d5 Rxf2+ 48. Ke1 Ra2 49. d6 Ke6 0-1

[Event "Deutsche Ländermeisterschaft 2013"]
[Site "Hannover GER"]
[Date "2013.10.04"]
[Round "4"]
[White "Weiten, Teresa"]
[Black "Eulitz, Charlotte"]
[Result "1-0"]
[Termination "normal"]
[Board "9.8"]
[WhiteTitle "12w"]
[BlackTitle "12w"]
[WhiteElo "976"]
[BlackElo "1056"]
[WhiteTeam "Saarland"]
[BlackTeam "Mecklenburg-Vorpommern"]
[WhiteFideId "12971944"]
[BlackFideId "12964654"]
[EventCountry "GER"]
[EventRounds "7"]
[EventType "team-swiss"]
[EventDate "2013.10.02"]

1. e4 e5 2. Nf3 Nc6 3. Nc3 Nf6 4. d4 exd4 5. Nxd4 Bb4 6. Nxc6 bxc6 7. Bd3 d6 8.
O-O Ng4 9. Bf4 O-O 10. h3 Ne5 11. a3 Bxc3 12. bxc3 Rb8 13. Qh5 Nxd3 14. cxd3
Rb3 15. Bd2 d5 16. exd5 Qxd5 17. Qf3 Qxf3 18. gxf3 Ba6 19. Rfe1 Bxd3 20. Re7
Rc8 21. Rae1 Kf8 22. R7e3 Bf5 23. Kh2 Rxa3 24. Re5 Bg6 25. c4 Rxf3 26. Bb4+ Kg8
27. Re8+ Rxe8 28. Rxe8# 1-0